| 000 | 01033nam a2200205 i 4500 | ||
|---|---|---|---|
| 001 | 189270 | ||
| 003 | ES-MaACL | ||
| 005 | 20251003063206.0 | ||
| 008 | 190520s1886 fr |||| | fre d | ||
| 100 | 1 |
_aLeveillé, Jules, _d1834-1912 _9167046 |
|
| 245 | 1 | 3 |
_aLa Guyane et la question pénitentiaire coloniale (forçats et récidivistes) / _cpar Jules Leveillé. |
| 260 |
_aParis : _bArmand Colin et Cie., _c1886 ( _fImp. A. Lahure) |
||
| 300 |
_a52 p. ; _c27 cm. |
||
| 650 | 4 |
_aColonias penitenciarias. _9167471 |
|
| 650 | 4 |
_aReincidentes. _9166996 |
|
| 852 |
_aES-MaACL _jD-77(2) _bR.FOLL. 3/2 _9196408 _cSVI _dOlim: 193-C-16 _fSello en tinta en portada:"Donativo del Sr. Lastres al Ateneo de Madrid.1907" _gAnotación manuscrita en cubierta: "Folletos penitenciarios. Tomo" _xEncuadernado con otras obras formando un volumen facticio _xEncuadernación holandesa _hDonación: Francisco Lastres y Juiz. |
||
| 903 |
_aLastres y Juiz, Francisco, _d1848-1918 _q1 _ednr _970504 |
||
| 942 |
_2udc _cFOLLETOS |
||
| 999 |
_c189270 _d189270 |
||